Pero algunos quedaran : los adolescente que repiten :
Guardado en:
| Autor Principal: | |
|---|---|
| Otros Autores: | , , |
| Formato: | Libro |
| Publicado: |
Buenos Aires :
Aique
|
| Series: | Transversal
|
| Materias: | |
| Etiquetas: |
Agregar Etiqueta
Sin Etiquetas, Sea el primero en etiquetar este registro!
|
| LEADER | 00687nam a22002295a 4500 | ||
|---|---|---|---|
| 001 | CEM.cems011362 | ||
| 005 | 20071017161714.0 | ||
| 008 | 130507b######################000#0#####d | ||
| 003 | CEMS | ||
| 020 | |a 950701392X | ||
| 082 | 0 | 4 | |a 371.29 |
| 100 | 1 | |a Bogomolny, María Inés | |
| 245 | 1 | 0 | |a Pero algunos quedaran : |b los adolescente que repiten : |c Selección y Adaptación de María Inés Bogomolny |
| 260 | |a Buenos Aires : |b Aique | ||
| 300 | |a 112 p. | ||
| 490 | 0 | |a Transversal | |
| 653 | |a Educación | ||
| 653 | |a Fracaso escolar | ||
| 700 | 1 | |a Kremenchutzky, Silvia | |
| 700 | 1 | |a Broitman, Rosalia | |
| 700 | 1 | |a Budzynski | |
| 859 | |a CEMS |b BIB. CEMS - 11 de abril |h 371.29 |i B634 |p 22269.03 |t Ej.1 | ||
